Sports Quiz

Random Sports or World Cup Quiz

World Cup Round of 16 Teams Quiz Stats

 Plays Quiz Updated Jul 15, 2018

Challenge
Share
Tweet
Embed
Score 0/144 Timer 10:00
16 Plays Today
Year Team % Correct
1986Brazil
99.1%
1990Brazil
99.1%
1994Brazil
99.1%
1998Brazil
99.1%
2002Brazil
99.1%
2006Brazil
99.1%
2010Brazil
99.1%
2014Brazil
99.1%
2018Brazil
98.8%
1994Germany
98.7%
1998Germany
98.7%
2002Germany
98.7%
2006Germany
98.7%
2010Germany
98.7%
2018France
98.7%
2014Germany
98.1%
1986Argentina
98.1%
1990Argentina
98.1%
1994Argentina
98.1%
1998Argentina
98.1%
2006Argentina
98.1%
2010Argentina
98.1%
1986Spain
97.9%
1990Spain
97.9%
1994Spain
97.9%
2002Spain
97.9%
2006Spain
97.9%
2010Spain
97.9%
2018England
97.8%
1986France
97.8%
1998France
97.8%
2006France
97.8%
2018Argentina
97.7%
2014Argentina
97.5%
2018Spain
97.4%
2014France
97.3%
1986Italy
97.1%
1990Italy
97.1%
1994Italy
97.1%
1998Italy
97.1%
2002Italy
97.1%
2006Italy
97.1%
1994USA
96.6%
2002USA
96.6%
2010USA
96.6%
2014USA
96.6%
1990Netherlands
95.5%
1994Netherlands
95.5%
Year Team % Correct
1998Netherlands
95.5%
2006Netherlands
95.5%
2010Netherlands
95.5%
2014Netherlands
95.5%
1986England
95.5%
1990England
95.5%
1998England
95.5%
2002England
95.5%
2006England
95.5%
2010England
95.5%
2018Belgium
95.2%
2018Russia
95.1%
2018Croatia
94.9%
2018Portugal
94.9%
1986Mexico
94.2%
1994Mexico
94.2%
1998Mexico
94.2%
2002Mexico
94.2%
2006Mexico
94.2%
2010Mexico
94.2%
2014Mexico
94.2%
2018Japan
93.9%
2006Portugal
93.8%
2010Portugal
93.8%
2018Sweden
93.8%
1990West Germany
93.7%
1986West Germany
93.7%
2018Mexico
93.5%
2018Uruguay
92.7%
1986Uruguay
91.7%
1990Uruguay
91.7%
2010Uruguay
91.7%
2014Uruguay
91.6%
2002Japan
91.4%
2010Japan
91.4%
2014Belgium
91%
1986Belgium
90.8%
1990Belgium
90.8%
1994Belgium
90.8%
2002Belgium
90.8%
2014Chile
90.6%
1998Chile
90.6%
2010Chile
90.6%
2018Colombia
88.6%
1994Sweden
88.5%
2002Sweden
88.5%
2006Sweden
88.5%
2014Colombia
88.2%
Year Team % Correct
1990Colombia
87.8%
2002South Korea
87.6%
2010South Korea
87.6%
2018Denmark
86.8%
2018Switzerland
84.9%
2014Greece
83%
2006Australia
82.8%
1994Switzerland
82.5%
2006Switzerland
82.5%
2014Switzerland
82.4%
2014Costa Rica
81.9%
1990Costa Rica
81.3%
2006Ghana
81%
2010Ghana
81%
1994Nigeria
80.1%
1998Nigeria
80.1%
2014Nigeria
80%
1986Denmark
79.7%
1998Denmark
79.7%
2002Denmark
79.7%
1986Paraguay
79.4%
1998Paraguay
79.4%
2002Paraguay
79.4%
2010Paraguay
79.4%
1994Ireland
79.3%
1990Ireland
79.1%
2002Ireland
79.1%
1998Croatia
77.1%
2002Turkey
77%
1986Poland
76.7%
1998Norway
75.9%
1990Cameroon
71.1%
2014Algeria
70.1%
2006Ukraine
64.4%
2006Ecuador
63.2%
1986USSR
62.5%
1990Romania
60.9%
1994Romania
60.9%
1998Romania
60.9%
2010Slovakia
60.2%
1986Bulgaria
59.8%
1994Bulgaria
59.8%
1990Yugoslavia
59.5%
1998Yugoslavia
59.5%
1990Czechoslovakia
50%
1986Morocco
48.8%
2002Senegal
48.7%
1994Saudi Arabia
44.5%

You're not logged in!

Compare scores with friends on all Sporcle quizzes.
OR
Log In

You Might Also Like...

Show Comments

Extras

Top Quizzes Today


Score Distribution

Your Account Isn't Verified!

In order to create a playlist on Sporcle, you need to verify the email address you used during registration. Go to your Sporcle Settings to finish the process.

Report this User

Report this user for behavior that violates our Community Guidelines.

Details: